| 000 | 00443nam a2200169 i 4500 | ||
|---|---|---|---|
| 001 | 79608 | ||
| 003 | ES-MaACL | ||
| 005 | 20230906174020.0 | ||
| 007 | t| | ||
| 008 | 041022s1978 sp ||||1| spa d | ||
| 100 | 1 |
_aHernández, Ricardo. _962863 |
|
| 245 | 1 | 0 |
_aJirones de dolor / _cRicardo Hernández. |
| 250 | _a2ª ed. aum. | ||
| 260 |
_aSalamanca : _b[s.n., _c1978] |
||
| 300 |
_a246 p. ; _c17 cm. |
||
| 852 |
_aES-MaACL _jA-9374 _bR.98823 |
||
| 999 |
_c79608 _d79608 |
||